[Event "USV Halle-Peiner SV"]
[Site "Greifswald"]
[Date "2017.09.07"]
[Round "1.2"]
[White "Paskalev, Vasil"]
[Black "Behme, Elias"]
[Result "0-1"]
[WhiteElo "1749"]
[BlackElo "1456"]
[PlyCount "144"]
[EventDate "2017.??.??"]
[WhiteTeam "USV Halle"]
[BlackTeam "Peiner SV"]

1. d4 Nf6 2. c4 e6 3. Nc3 b6 4. e4 Bb7 5. Bd3 d5 6. e5 Ne4 7. Qc2 Nxc3 8. bxc3
dxc4 9. Be4 Bxe4 10. Qxe4 Qd5 11. Qg4 g6 12. Nf3 Bg7 13. h4 h5 14. Qf4 Nd7 15.
Ng5 O-O 16. Ne4 c5 17. Be3 f6 18. exf6 Nxf6 19. Nxf6+ Rxf6 20. Qg3 cxd4 21.
Bxd4 Qe4+ 22. Kf1 Rf7 23. Re1 Qf5 24. Bxg7 Kxg7 25. Qe3 Raf8 26. f3 Rf6 27. Kf2
Qd3 28. Qxd3 cxd3 29. Rd1 Rd8 30. Ke3 e5 31. Rxd3 Rxd3+ 32. Kxd3 Rf4 33. Ke3
Ra4 34. Rd1 Rxa2 35. Rd7+ Kf6 36. g4 hxg4 37. fxg4 Ra4 38. Rd6+ Kf7 39. Kf3 Ra3
40. Rc6 Ra5 41. Ke3 Rc5 42. Rd6 Rxc3+ 43. Ke4 Rc5 44. Rd7+ Ke6 45. Rxa7 Rc4+
46. Kf3 Rf4+ 47. Kg3 Kd5 48. h5 Rf6 49. h6 g5 50. Rh7 Ke4 51. Rh8 b5 52. h7 Rf7
53. Rb8 Rxh7 54. Rxb5 Rd7 55. Rb4+ Rd4 56. Rb1 Rd3+ 57. Kf2 Kf4 58. Ke2 e4 59.
Rb4 Rg3 60. Rb8 Kxg4 61. Rb4 Kf4 62. Kf2 Rd3 63. Ke2 Rd5 64. Rb8 g4 65. Rf8+
Rf5 66. Re8 g3 67. Kf1 Kf3 68. Kg1 e3 69. Ra8 Rf4 70. Ra3 Rd4 71. Ra1 e2 72.
Ra3+ Kf4 0-1

[Event "USV Halle-Peiner SV"]
[Site "Greifswald"]
[Date "2017.09.07"]
[Round "1.3"]
[White "Arvis, Yekta Umut"]
[Black "Schulemann, Gero"]
[Result "0-1"]
[WhiteElo "1178"]
[BlackElo "1684"]
[PlyCount "48"]
[EventDate "2017.??.??"]
[WhiteTeam "Peiner SV"]
[BlackTeam "USV Halle"]

1. d4 Nf6 2. c4 e5 3. Nf3 e4 4. Nfd2 d5 5. Nc3 c6 6. e3 Bf5 7. a3 a5 8. cxd5
cxd5 9. Be2 Be7 10. O-O O-O 11. Qb3 Qd7 12. Na4 Nc6 13. Nb6 Qc7 14. Nxa8 Rxa8
15. Nb1 a4 16. Qd1 Na5 17. Qxa4 Ng4 18. Bxg4 Bxg4 19. Nc3 Rd8 20. Bd2 Nc4 21.
Qc2 Qc6 22. h3 Bxh3 23. Ne2 Bxg2 24. Kxg2 Nxe3+ 0-1

[Event "USV Halle-Peiner SV"]
[Site "Greifswald"]
[Date "2017.09.07"]
[Round "1.4"]
[White "Petrick, Valentin"]
[Black "Stein, Luis"]
[Result "1/2-1/2"]
[WhiteElo "1369"]
[BlackElo "1363"]
[PlyCount "116"]
[EventDate "2017.??.??"]
[WhiteTeam "USV Halle"]
[BlackTeam "Peiner SV"]

1. e4 d6 2. d4 c6 3. Nc3 Qc7 4. h3 g6 5. Nf3 Bg7 6. Bc4 h6 7. O-O b5 8. Bb3 Nd7
9. Re1 e5 10. Be3 a6 11. a3 Bb7 12. Ba2 Rd8 13. b4 Ngf6 14. Rc1 O-O 15. d5 c5
16. bxc5 Nxc5 17. Nd2 Rc8 18. Bxc5 Qxc5 19. Ncb1 Qd4 20. c3 Qc5 21. Qb3 a5 22.
a4 Ba6 23. axb5 Bxb5 24. c4 Bd7 25. Qa3 Qxa3 26. Nxa3 Rb8 27. Rb1 Nh5 28. Nb5
Bxb5 29. cxb5 Rfc8 30. Bc4 Rb6 31. Ra1 Ra8 32. Ra3 Bf6 33. Nf3 Bd8 34. Rea1
Rbb8 35. Nd2 Rc8 36. Kf1 Nf4 37. h4 g5 38. g3 Ng6 39. h5 Nf8 40. Ra4 Nd7 41.
Nb3 Nc5 42. Nxc5 Rxc5 43. Ke2 Kg7 44. Ke3 Bb6 45. Kf3 Rf8 46. Kg4 Kf6 47. R1a3
Rfc8 48. Rc3 Kg7 49. f4 f6 50. fxe5 fxe5 51. Rc2 R8c7 52. Kf3 Rf7+ 53. Kg4 Rf6
54. Raa2 Kg8 55. Bd3 Rxc2 56. Rxc2 Bc5 57. Ra2 Bb6 58. Rc2 Bc5 1/2-1/2

[Event "Greifswalder SV-SK Lehrte"]
[Site "Greifswald"]
[Date "2017.09.07"]
[Round "1.1"]
[White "Stelmaszyk, Nico"]
[Black "Troyke, Jannis"]
[Result "1-0"]
[WhiteElo "1912"]
[BlackElo "1870"]
[PlyCount "73"]
[EventDate "2017.??.??"]
[WhiteTeam "SK Lehrte"]
[BlackTeam "Greifswalder SV"]

1. e4 c5 2. c3 Nf6 3. e5 Nd5 4. d4 cxd4 5. cxd4 d6 6. Nf3 Nc6 7. Bc4 Nb6 8. Bb5
dxe5 9. Nxe5 Bd7 10. Bxc6 Bxc6 11. Nxc6 bxc6 12. O-O g6 13. Be3 Bg7 14. Qc2 Rc8
15. Rd1 O-O 16. Nc3 Nd5 17. Rac1 e6 18. Qe2 Qb6 19. Na4 Qb5 20. Rc4 Nb6 21.
Nxb6 axb6 22. a4 Qa6 23. Qc2 b5 24. axb5 cxb5 25. Rc5 Rfd8 26. b4 Bf8 27. Bg5
Bxc5 28. dxc5 Rxd1+ 29. Qxd1 Qa4 30. Qb1 Ra8 31. Bf6 Qa2 32. Qd3 Qa3 33. Qxb5
Qa6 34. Qxa6 Rxa6 35. Kf1 Ra3 36. c6 Kf8 37. b5 1-0

[Event "Greifswalder SV-SK Lehrte"]
[Site "Greifswald"]
[Date "2017.09.07"]
[Round "1.2"]
[White "Altenstein, Jonas"]
[Black "Meiwes, Thore"]
[Result "0-1"]
[WhiteElo "1392"]
[BlackElo "1687"]
[PlyCount "52"]
[EventDate "2017.??.??"]
[WhiteTeam "Greifswalder SV"]
[BlackTeam "SK Lehrte"]

1. e4 e6 2. Nf3 d5 3. exd5 exd5 4. d4 Nf6 5. Bd3 Bd6 6. Bg5 O-O 7. O-O Bg4 8.
Re1 Nbd7 9. Nbd2 c6 10. c3 Qc7 11. Qc2 Rae8 12. c4 dxc4 13. Bxc4 Bh5 14. Rac1
Bg6 15. Bd3 Bxd3 16. Qxd3 Nd5 17. Nc4 Bf4 18. Bxf4 Nxf4 19. Qf5 Ne2+ 20. Kf1
Nxc1 21. Rxc1 h6 22. Nce5 Nxe5 23. Nxe5 Rd8 24. Rd1 Rd5 25. Qg4 Rfd8 26. Qf3
Qxe5 0-1

[Event "Greifswalder SV-SK Lehrte"]
[Site "Greifswald"]
[Date "2017.09.07"]
[Round "1.3"]
[White "Reimer, Philip"]
[Black "Wucherer, Sophie"]
[Result "1-0"]
[WhiteElo "1506"]
[BlackElo "1288"]
[PlyCount "103"]
[EventDate "2017.??.??"]
[WhiteTeam "SK Lehrte"]
[BlackTeam "Greifswalder SV"]

1. e4 d5 2. exd5 Qxd5 3. Nc3 Qa5 4. d4 c6 5. Bd2 Qc7 6. Bd3 Nf6 7. Nf3 Bg4 8.
h3 Bh5 9. g4 Bg6 10. Ne5 Bxd3 11. Nxd3 e6 12. Qe2 Bd6 13. f4 Qe7 14. O-O-O Na6
15. Ne5 Nc7 16. Ne4 Nxe4 17. Qxe4 Bxe5 18. Qxe5 f6 19. Qe4 O-O-O 20. Rhe1 g6
21. f5 g5 22. Ba5 h5 23. Bxc7 Kxc7 24. Qxe6 Qxe6 25. Rxe6 Rd6 26. Rxd6 Kxd6 27.
c4 hxg4 28. hxg4 Rh4 29. Rg1 Ke7 30. Re1+ Kf7 31. Re4 Rh2 32. Kb1 Rf2 33. d5
Rf4 34. Rxf4 gxf4 35. Kc2 cxd5 36. cxd5 f3 37. Kd3 f2 38. Ke2 f1=Q+ 39. Kxf1
Ke7 40. Ke2 Kd6 41. Ke3 Kxd5 42. Kf4 Kd6 43. g5 fxg5+ 44. Kxg5 Ke7 45. Kg6 Kf8
46. Kf6 b6 47. b3 a6 48. a3 a5 49. a4 b5 50. axb5 a4 51. bxa4 Ke8 52. Kg7 1-0

[Event "Greifswalder SV-SK Lehrte"]
[Site "Greifswald"]
[Date "2017.09.07"]
[Round "1.4"]
[White "Chauvin, Mano"]
[Black "Schieble, Johannes"]
[Result "0-1"]
[WhiteElo "1163"]
[BlackElo "1379"]
[PlyCount "88"]
[EventDate "2017.??.??"]
[WhiteTeam "Greifswalder SV"]
[BlackTeam "SK Lehrte"]

1. e4 e5 2. Nf3 Nc6 3. Bc4 Bc5 4. c3 Nf6 5. d3 d6 6. Bg5 h6 7. Be3 Bb6 8. Nbd2
Bg4 9. O-O Qe7 10. Qc2 O-O 11. b4 a6 12. a4 Be6 13. Bb3 Bxe3 14. fxe3 d5 15.
exd5 Bxd5 16. c4 Nxb4 17. Qc3 Bxf3 18. Nxf3 e4 19. dxe4 Nxe4 20. Qe1 a5 21. Nd2
Rae8 22. Nxe4 Qxe4 23. Rf3 Nc6 24. Qc3 Nb4 25. Raf1 c5 26. Rg3 Qe5 27. Qc1 b6
28. e4 Qd4+ 29. Kh1 Re6 30. Bc2 Qxc4 31. Rf2 Rxe4 32. h3 Re6 33. Qb2 Qd4 34.
Bb3 Qxb2 35. Rxb2 Rc6 36. Bc4 Rd8 37. Kg1 Rd4 38. Bb5 Rc7 39. Kf2 c4 40. Ke3
Rd3+ 41. Kf4 Rxg3 42. Kxg3 c3 43. Rb1 c2 44. Rc1 Na2 0-1

[Event "GA Rüdersdorf-SAV Torgelow"]
[Site "Greifswald"]
[Date "2017.09.07"]
[Round "1.1"]
[White "Beck, Jules"]
[Black "Buller, Ian Joshua"]
[Result "0-1"]
[WhiteElo "1483"]
[BlackElo "1807"]
[PlyCount "86"]
[EventDate "2017.??.??"]
[WhiteTeam "SAV Torgelow"]
[BlackTeam "GA Rüdersdorf"]

1. e4 c5 2. f4 Nc6 3. Nc3 a6 4. Bc4 e6 5. Nf3 b5 6. Be2 Bb7 7. O-O d5 8. d3 d4
9. Nb1 Be7 10. Nbd2 Qc7 11. Nb3 Rd8 12. Bd2 Qb8 13. Na5 Nxa5 14. Bxa5 Rc8 15.
Bd2 Nf6 16. Ne5 O-O 17. Ng4 Nd7 18. f5 exf5 19. Rxf5 Rc6 20. Bf4 Qd8 21. Bg3
Nf6 22. Ne5 Re6 23. Qd2 Bd6 24. Ng4 Bxg3 25. hxg3 Nxg4 26. Bxg4 Rc6 27. Rf3 Qd6
28. Qf4 Qe7 29. Raf1 Qc7 30. Qg5 Rg6 31. Qh4 Rh6 32. Qg5 Rg6 33. Qf4 Qxf4 34.
Rxf4 Rc6 35. Bh3 Bc8 36. b3 g5 37. Rf6 Rxf6 38. Rxf6 g4 39. Bxg4 Bxg4 40. Rxa6
Rc8 41. Rd6 Bd1 42. Rf6 Bxc2 43. Rf3 Ra8 0-1

[Event "GA Rüdersdorf-SAV Torgelow"]
[Site "Greifswald"]
[Date "2017.09.07"]
[Round "1.2"]
[White "Sperling, Niclas"]
[Black "Trömer, Axel"]
[Result "1-0"]
[WhiteElo "1639"]
[BlackElo "1433"]
[PlyCount "75"]
[EventDate "2017.??.??"]
[WhiteTeam "GA Rüdersdorf"]
[BlackTeam "SAV Torgelow"]

1. e4 c6 2. d4 d5 3. exd5 cxd5 4. Nc3 Nc6 5. Nf3 Bg4 6. Be2 Nf6 7. O-O e6 8.
Bf4 Bb4 9. Na4 Bd6 10. Bg3 Ne4 11. Nc3 Bxg3 12. fxg3 Qb6 13. Na4 Qb4 14. c3 Qd6
15. Qc1 Rb8 16. b3 O-O 17. Bd3 Rfc8 18. Ng5 Bf5 19. Bxe4 dxe4 20. Nc5 Qe7 21.
Qf4 Rd8 22. Ngxe4 f6 23. Rae1 b6 24. Na4 Bg6 25. Rf2 Rf8 26. Rfe2 e5 27. dxe5
fxe5 28. Qe3 Rbe8 29. Nb2 Rf5 30. Nc4 Qf7 31. Ned6 Qe6 32. Nxe8 Qxe8 33. Nd6
Qe6 34. Nxf5 Qxf5 35. Qf3 Qe6 36. Rf2 Qe7 37. Qxc6 h6 38. Qxg6 1-0

[Event "GA Rüdersdorf-SAV Torgelow"]
[Site "Greifswald"]
[Date "2017.09.07"]
[Round "1.3"]
[White "Wolfgramm, Egon"]
[Black "May, Ben-Iven"]
[Result "1-0"]
[WhiteElo "1239"]
[BlackElo "1600"]
[PlyCount "91"]
[EventDate "2017.??.??"]
[WhiteTeam "SAV Torgelow"]
[BlackTeam "GA Rüdersdorf"]

1. d4 d5 2. Nf3 Nf6 3. Bf4 e6 4. e3 Be7 5. Nbd2 O-O 6. Bd3 b6 7. O-O Bb7 8. Qe2
c5 9. c3 Nbd7 10. Rac1 Ne4 11. c4 Ndf6 12. Be5 Bd6 13. Bxf6 Qxf6 14. cxd5 exd5
15. Qd1 Qh6 16. Qc2 Nxd2 17. Qxd2 cxd4 18. h3 dxe3 19. fxe3 Rfe8 20. Rce1 Bc5
21. Kh1 Rxe3 22. Rxe3 Qxe3 23. Qc2 h6 24. Re1 Qf2 25. Qa4 Qxb2 26. Qd7 Qxa2 27.
Qxb7 Rf8 28. Ne5 Qd2 29. Rf1 Qe3 30. Qxd5 Qg5 31. Bc4 Kh7 32. Bd3+ Kg8 33. Bc4
Kh7 34. Bd3+ Kg8 35. Qe4 g6 36. Qd5 h5 37. Bxg6 a5 38. Rxf7 Qc1+ 39. Kh2 Bg1+
40. Kg3 Qe1+ 41. Kf4 Qh4+ 42. Ng4 Bh2+ 43. Kf5 hxg4 44. Rxf8+ Kg7 45. Qf7+ Kh6
46. Qh7# 1-0

[Event "GA Rüdersdorf-SAV Torgelow"]
[Site "Greifswald"]
[Date "2017.09.07"]
[Round "1.4"]
[White "Eichelbaum, Georg"]
[Black "Rosenhahn, Nico"]
[Result "0-1"]
[WhiteElo "1341"]
[BlackElo "1211"]
[PlyCount "83"]
[EventDate "2017.??.??"]
[WhiteTeam "GA Rüdersdorf"]
[BlackTeam "SAV Torgelow"]

1. e4 e6 2. d4 d5 3. Nc3 dxe4 4. Nxe4 Bd7 5. Nf3 Bc6 6. Nc3 Nf6 7. a3 Be7 8.
Bf4 O-O 9. Be2 Nbd7 10. Qd3 Bxf3 11. Bxf3 c6 12. O-O-O Rc8 13. h4 Re8 14. g4
Nf8 15. Ne4 a5 16. a4 Qb6 17. Nd6 Bxd6 18. Bxd6 N6d7 19. g5 e5 20. Qc3 Re6 21.
Bxf8 Nxf8 22. Bg4 Rce8 23. Bxe6 Rxe6 24. f3 exd4 25. Qxd4 c5 26. Qd8 Qxd8 27.
Rxd8 b6 28. Rhd1 Re7 29. R8d6 Rb7 30. f4 Rb8 31. f5 c4 32. Rc6 b5 33. Rd5 bxa4
34. Rxc4 Rb6 35. Rxa4 g6 36. f6 Re6 37. Rdxa5 Re8 38. Ra8 Rxa8 39. Rxa8 h6 40.
gxh6 Kh7 41. Rxf8 Kxh6 42. Rh8# 0-1